[Event "BCF-ch U14 rapid"]
[Site "Hull"]
[Date "2024.07.27"]
[Round "7"]
[White "Mouskos, Mia"]
[Black "Luthia, Indra Jatin"]
[Result "0-1"]
[WhiteElo "1520"]
[BlackElo "1476"]
[PlyCount "102"]
[EventDate "2024.07.26"]
[EventType "swiss (rapid)"]
[EventRounds "9"]
[EventCountry "ENG"]
[SourceTitle "CBM 221 Extra"]
[Source "ChessBase"]
[SourceDate "2024.09.30"]
[SourceVersion "1"]
[SourceVersionDate "2024.09.30"]
[SourceQuality "1"]

1. e4 e5 2. Nf3 Nc6 3. d4 exd4 4. Nxd4 Bc5 5. Be3 Qf6 6. c3 Nge7 7. Bc4 Ne5 8. Be2 Qg6 9. Bf3 d6 10. Nd2 Nd3+ 11. Ke2 Ne5 12. Ke1 a5 13. Nb5 Bxe3 14. fxe3 0-0 15. Nxc7 Rb8 16. Nb5 Ng4 17. Bxg4 Bxg4 18. Qc2 Qg5 19. Qd3 d5 20. Nd4 Rbd8 21. exd5 Nxd5 22. Kf2 Rde8 23. Rhe1 Re7 24. N4f3 Qh5 25. h3 Be6 26. g4 Qh6 27. g5 Qh5 28. Ne4 Rd7 29. Nc5 Nf4 30. Qe4 Nxh3+ 31. Ke2 Bd5 32. Qf5 Bc4+ 33. Nd3 Bxd3+ 34. Qxd3 Rxd3 35. Kxd3 Qxf3 36. Rf1 Nf2+ 37. Kc2 Qe2+ 38. Kb3 Nd3 39. Rab1 Nxb2 40. Rfe1 a4+ 41. Ka3 Nc4+ 42. Kb4 Qxa2 43. Ra1 Qb3+ 44. Kc5 Rc8+ 45. Kd4 Qb6+ 46. Ke4 Qd6 47. Rad1 Re8+ 48. Kf3 Qh2 49. Rh1 Rxe3+ 50. Kg4 Ne5+ 51. Kf5 Qf2# 0-1

[Event "BCF-ch U14 blitz"]
[Site "Hull"]
[Date "2024.07.25"]
[Round "5"]
[White "Chapman, Luke"]
[Black "Luthia, Indra Jatin"]
[Result "1-0"]
[WhiteElo "1651"]
[BlackElo "1476"]
[PlyCount "61"]
[EventDate "2024.07.25"]
[EventType "swiss (blitz)"]
[EventRounds "9"]
[EventCountry "ENG"]
[SourceTitle "CBM 221 Extra"]
[Source "ChessBase"]
[SourceDate "2024.09.30"]
[SourceVersion "1"]
[SourceVersionDate "2024.09.30"]
[SourceQuality "1"]

1. e4 e5 2. Nc3 Nc6 3. Bc4 Nf6 4. d3 h6 5. f4 d6 6. Nf3 Bg4 7. h3 Bd7 8. f5 d5 9. Nxd5 Nxd5 10. Bxd5 Bd6 11. Bd2 Nd4 12. Nxd4 Qh4+ 13. Kf1 exd4 14. Qf3 0-0-0 15. e5 Bxe5 16. Bxb7+ Kb8 17. Ba8 Bc8 18. Re1 Qf6 19. Be4 c5 20. b4 c4 21. dxc4 g6 22. fxg6 Qxf3+ 23. gxf3 f5 24. Bxf5 Bxf5 25. Rxe5 Bxc2 26. Rb5+ Kc7 27. Bf4+ Kc8 28. Rc5+ Kb7 29. Rc7+ Kb6 30. Kf2 Bxg6 31. Re1 1-0